| 000 | 00382nam a2200157Ia 4500 | ||
|---|---|---|---|
| 008 | 160316s1999 xxu||||| |||| 00| 0 eng d | ||
| 082 |
_a362.700000 _bIFC |
||
| 100 | _a | ||
| 245 | _aWorld vision partnership child protection policy | ||
| 250 | _a | ||
| 260 |
_a _bIFCW Worldforum _c1999 |
||
| 300 |
_a20 _b _c |
||
| 365 | _b | ||
| 650 | _aChild protection, policy | ||
| 700 |
_a _a |
||
| 999 |
_c33103 _d33103 |
||